El mercado de información voluntaria en las bolsas de valores [ (Record no. 102795)

MARC details
000 -LEADER
campo de control de longitud fija 01337nam a2200301 i 4500
001 - NÚMERO DE CONTROL
campo de control 102795
003 - IDENTIFICADOR DE NÚMERO DE CONTROL
campo de control ES-MaACL
007 - CAMPO FIJO DE DESCRIPCIÓN FÍSICA--INFORMACIÓN GENERAL
campo de control de longitud fija t|
008 - DATOS DE LONGITUD FIJA--INFORMACIÓN GENERAL
campo de control de longitud fija 040525s2001 sp ||||0| spa d
020 ## - NÚMERO INTERNACIONAL ESTÁNDAR DEL LIBRO
Número Internacional Estándar del Libro 84-89006-89-X
040 ## - FUENTE DE CATALOGACIÓN
Centro catalogador/agencia de origen M-BN
Lengua de catalogación spa
Centro/agencia transcriptor M-BN
080 ## - NÚMERO DE LA CLASIFICACIÓN DECIMAL UNIVERSAL
Número de la Clasificación Decimal Universal 657.25
080 ## - NÚMERO DE LA CLASIFICACIÓN DECIMAL UNIVERSAL
Número de la Clasificación Decimal Universal 659.43:657.3
080 ## - NÚMERO DE LA CLASIFICACIÓN DECIMAL UNIVERSAL
Número de la Clasificación Decimal Universal 343.53
100 1# - ENTRADA PRINCIPAL--NOMBRE DE PERSONA
Nombre de persona Larrán Jorge, Manuel.
9 (RLIN) 70304
245 13 - MENCIÓN DEL TÍTULO
Título El mercado de información voluntaria en las bolsas de valores [
Medio Recurso electrónico] /
Mención de responsabilidad, etc. autor, Manuel Larrán Jorge. Los sistemas de "reporting" digital, hacia un nuevo enfoque de la contabilidad financiera / autores,Enrique Bonsón Ponte, Tomás Escobar Rodríguez, Susana Gago Rodríguez.
260 ## - PUBLICACIÓN, DISTRIBUCIÓN, ETC.
Lugar de publicación, distribución, etc. Madrid :
Nombre del editor, distribuidor, etc. Instituto de Contabilidad y Auditoría de Cuentas,
Fecha de publicación, distribución, etc. [2001]
300 ## - DESCRIPCIÓN FÍSICA
Extensión 1 disco (CD-ROM) :
Otras características físicas col ;
Dimensiones 12 cm.
504 ## - NOTA DE BIBLIOGRAFÍA, ETC.
Nota de bibliografía, etc. Incluye referencias bibliográficas.
650 14 - PUNTO DE ACCESO ADICIONAL DE MATERIA--TÉRMINO DE MATERIA
Término de materia o nombre geográfico como elemento de entrada Información contable-
Subdivisión de forma CD-ROM.
9 (RLIN) 13756
650 14 - PUNTO DE ACCESO ADICIONAL DE MATERIA--TÉRMINO DE MATERIA
Término de materia o nombre geográfico como elemento de entrada Comunicación financiera-
Subdivisión de forma CD-ROM.
9 (RLIN) 11197
650 14 - PUNTO DE ACCESO ADICIONAL DE MATERIA--TÉRMINO DE MATERIA
Término de materia o nombre geográfico como elemento de entrada Información privilegiada (Valores mobiliarios)-
Subdivisión de forma CD-ROM.
9 (RLIN) 13757
700 1# - ENTRADA AGREGADA--NOMBRE PERSONAL
Nombre de persona Bonsón Ponte, Enrique.
9 (RLIN) 30302
700 1# - ENTRADA AGREGADA--NOMBRE PERSONAL
Nombre de persona Escobar Rodríguez, Tomás.
9 (RLIN) 47571
700 1# - ENTRADA AGREGADA--NOMBRE PERSONAL
Nombre de persona Gago Rodríguez, Susana.
9 (RLIN) 53239
740 4# - ENTRADA AGREGADA--TÍTULO RELACIONADO/ANALÍTICO NO CONTROLADO
Título relacionado o analítico no controlado Los sistemas de "reporting" digital, hacia un nuevo enfoque de la contabilidad financiera.
852 ## - LOCALIZACIÓN
Ubicación ES-MaACL
Número de control de estantería ROT 2/3/12
Holdings
Estatus retirado Estado de pérdida Estado de daño No para préstamo Biblioteca de origen Biblioteca actual Ubicación en estantería Fecha de adquisición Fuente de adquisición Total de préstamos Signatura topográfica completa Código de barras Visto por última vez Precio de reemplazo Tipo de ítem Koha
        Biblioteca del Ateneo de Madrid Biblioteca del Ateneo de Madrid Depósito 17/01/2008     ROT 2/3/12 1107305 23/02/2023 23/02/2023 Archivo de ordenador en CD-ROM, CD o disquete